| 000 | 01168nam a22002777a 4500 | ||
|---|---|---|---|
| 001 | BR8500081 | ||
| 003 | BR-BrBNA | ||
| 005 | 20230928092038.0 | ||
| 007 | ta | ||
| 008 | 230509b bl.||||| |||| 00| 0 por d | ||
| 040 |
_aBR-BrBNA _bpor _cBiblioteca Nacional de Agricultura |
||
| 041 | _a(Por) | ||
| 072 |
_aA50; E30 _b0334 _b/G514 |
||
| 090 | _ 0334 BR8500081 | ||
| 110 | 1 |
_aFederacao das Cooperativas de Trigo e Soja do Rio Grande do Sul Ltda., Porto Alegre (Brasil) _94625 |
|
| 111 | 1 |
_aReuniao Anual de Programacao de Pesquisa e de Assistencia Tecnica da Colza _cPelotas, RS (Brazil) _d3-5 Apr 1984 |
|
| 245 | 1 | _aContribuicao do Centro de Experimentacao e Pesquisa a Reuniao Anual de Programacao de Pesquisa e de Assistencia Tecnica da Colza - 1984 [Brassica napus, Brasil] | |
| 246 | 1 | _a[Contribution from the experiment and research Center to the Annual Meeting of Rapeseed Research Programming and Technical Assistance [Brassica napus, Brazil]] | |
| 260 | 3 |
_aPelotas, RS (Brasil): _c1984. |
|
| 300 | _a60 p. | ||
| 650 | _aPESQUISA AGRICOLA | ||
| 650 | _aASSISTENCIA TECNICA | ||
| 650 | _aCOLZA | ||
| 909 |
_a202309 _bLucia _c55 _dLucia Elande |
||
| 942 | _cBK | ||
| 999 |
_c36871 _d36871 |
||